Loading...
| History - American | 0 | 8 | 0 | 2 | 80 | 61 | 93.88 | 1 | 5 | 17.34 | 40.91 |
| History - World | 0 | 8 | 1 | 1 | 75 | 22 | 64.63 | 5 | 8 | 36.34 | 60.45 |
| History - European | 0 | 7 | 1 | 1 | 65 | 31 | 79.57 | 5 | 6 | 26.13 | 49.09 |
| Fine Arts - Painting and Sculpture | 0 | 6 | 1 | 2 | 55 | 31 | 104.67 | 2 | 4 | 13.74 | 33.64 |
| History - Other | 0 | 6 | 2 | 2 | 50 | 72 | 96.33 | 0 | 6 | 15.17 | 36.36 |
| Fine Arts - Other | 0 | 4 | 2 | 1 | 30 | 79 | 111.00 | 1 | 2 | 6.40 | 19.09 |
| Science - Biology | 0 | 3 | 0 | 1 | 30 | 93 | 113.00 | 1 | 2 | 2.08 | 11.36 |
| Social Science | 0 | 3 | 1 | 0 | 25 | 75 | 94.33 | 0 | 2 | 6.58 | 15.91 |
| Current Events | 0 | 2 | 0 | 0 | 20 | 96 | 98.00 | 0 | 2 | 12.89 | 27.50 |
| Fine Arts - Classical Music | 0 | 2 | 0 | 1 | 20 | 116 | 120.50 | 0 | 0 | -0.15 | 5.45 |
| Philosophy | 0 | 2 | 0 | 0 | 20 | 100 | 106.00 | 0 | 2 | 3.62 | 8.18 |
| Science - Chemistry | 0 | 2 | 0 | 1 | 20 | 115 | 117.00 | 0 | 0 | -0.08 | 4.09 |
| Science - Other | 0 | 2 | 0 | 1 | 20 | 86 | 104.00 | 0 | 2 | 1.97 | 7.27 |
| Literature - European | 0 | 2 | 1 | 0 | 15 | 26 | 52.00 | 1 | 2 | 11.49 | 16.36 |
| Religion | 0 | 2 | 1 | 1 | 15 | 78 | 106.00 | 0 | 1 | 3.37 | 7.27 |
| Literature - British | 0 | 1 | 0 | 0 | 10 | 70 | 70.00 | 1 | 1 | 4.31 | 9.09 |
| Geography | 0 | 1 | 0 | 0 | 10 | 62 | 62.00 | 0 | 1 | 26.15 | 30.00 |
| Literature - World | 0 | 1 | 1 | 0 | 5 | 106 | 106.00 | 0 | 0 | 1.44 | 3.64 |
| Science - Physics | 0 | 0 | 0 | 0 | 0 | 0.00 | 0 | 0 | 0.00 | 0.00 | |
| Literature - American | 0 | 0 | 1 | 0 | -5 | 0.00 | 0 | 0 | 0.00 | 0.00 | |
| Pop Culture | 0 | 0 | 1 | 0 | -5 | 0.00 | 0 | 0 | 0.00 | 0.00 | |
| Mythology | 0 | 0 | 1 | 0 | -5 | 0.00 | 0 | 0 | 0.00 | 0.00 |